00411nam a2200181Ia 4500008004100000020001800041050001400059100001600073245002500089245001600114260001500130260001600145260000900161300001400170300002700184300001000211500000800221170918s9999 xx 000 0 und d a9780590482790 bL763 2004 aLionni, Leo 2aA color of his own / cLeo Lionni. aNew York : bScholastic, c2004 aunpaged : bcolored illustration ; c19cm. a640